Internet, virtualidad y comunidad /
Guardado en:
| Hovedforfatter: | |
|---|---|
| Format: | Texto |
| Fag: | |
| Tags: |
Tilføj Tag
Ingen Tags, Vær først til at tagge denne postø!
|
MARC
| LEADER | 00000 a a2200000 04500 | ||
|---|---|---|---|
| 001 | 14512 | ||
| 003 | |||
| 040 | |||
| 100 | |a Siles González, Ignacio | ||
| 245 | |a Internet, virtualidad y comunidad / |c Ignacio Siles González | ||
| 650 | |a COMUNIDADES | ||
| 650 | |2 Macrothesaurus de la OCDE | ||
| 650 | |a INTERNET | ||
| 773 | |g número 108 (II); páginas 55-69 | ||
| 999 | |c 37926 |d 37926 | ||
| 773 | 0 | |0 18728 |9 3032 |a Universidad de Costa Rica |d San José, Costa Rica Editorial UCR 1956- |o 02389 |t Revista de Ciencias Sociales/ |x 04825276 | |
